000 00564nam a22002177a 4500
003 UA-OsUOA
001 39062
007 ta
008 20060608b un ||||| |||| 00| 0 ukr d
100 _aЦіось Алла
090 _a81
_bЦ11
942 _cSA
040 _aUA-OsUOA
_bukr
_cUA-OsUOA
_dUA-OsUOA
245 _aЖиття у нас одне...
300 _a3 с.
955 _a0
041 _aukr
080 _a81
773 0 _w39060
650 7 _a8 Мовознавство. Художня література. Літературознавство
_2UDC
999 _c325207
_d325207